书目信息 |
| 题名: |
上帝与国家
|
|
| 作者: | 俄巴枯宁 | |
| 分册: | ||
| 出版信息: | 上海 华东师大出版社出版社 2005 |
|
| 页数: | 85页 | |
| 开本: | 20cm | |
| 丛书名: | ||
| 单 册: | ||
| 中图分类: | B512.51 | |
| 科图分类: | ||
| 主题词: | 哲学--欧洲 | |
| 电子资源: | ||
| ISBN: | 7-5617-4368-8 | |
| 000 | 00511nam0 2200181 450 | |
| 001 | 0728815141 | |
| 005 | 20070819080015.14 | |
| 010 | @a7-5617-4368-8@d¥10.00 | |
| 100 | @a20070819d km y0chiy0120 ea | |
| 101 | 0 | @achi |
| 200 | 1 | @a上帝与国家@Ashang di yu guo jia@f[俄]巴枯宁@F[e]ba ku ning |
| 210 | @a上海@c华东师大出版社出版社@d2005 | |
| 215 | @a85页@d20cm | |
| 606 | 0 | @a哲学@x欧洲 |
| 690 | @aB512.51@v3 | |
| 701 | 0 | @a俄巴枯宁@Ae ba ku ning |
| 801 | 0 | @aCN@bPFT@c20070819 |
| 905 | @a213230@dB512.51@eZW356@f1 | |
| 上帝与国家/[俄]巴枯宁.-上海:华东师大出版社出版社,2005 |
| 85页;20cm |
| ISBN 7-5617-4368-8:¥10.00 |
| ● |
| 相关链接 |
|
|
|
|
正题名:上帝与国家
索取号:B512.51/ZW356
 
预约/预借
| 序号 | 登录号 | 条形码 | 馆藏地/架位号 | 状态 | 备注 |
| 1 | 7600522 | 276005225 | 密集书库-文学院/ [索取号:B512.51/ZW356] | 在馆 | |
| 2 | 7600523 | 276005234 | 密集书库-文学院/ [索取号:B512.51/ZW356] | 在馆 |